[Event "SLO-chT 28th"]
[Site "Slovenia"]
[Date "2018.12.14"]
[Round "7.2"]
[White "Srebrnic, Ana"]
[Black "Krivec, Jana"]
[Result "1/2-1/2"]
[WhiteElo "2173"]
[BlackElo "2192"]
[PlyCount "27"]
[EventDate "2018.11.02"]
[EventType "team-tourn"]
[EventRounds "9"]
[EventCountry "SLO"]
[SourceTitle "CBM 187 Extra"]
[Source "ChessBase"]
[SourceDate "2018.11.04"]
[SourceVersion "1"]
[SourceVersionDate "2018.11.04"]
[SourceQuality "1"]
[WhiteTeam "Ljubljana"]
[BlackTeam "Krsko Triglav"]
[WhiteTeamCountry "SLO"]
[BlackTeamCountry "SLO"]

1. e4 e5 2. Nf3 Nf6 3. d4 Nxe4 4. Bd3 d5 5. Nxe5 Nd7 6. Nxd7 Bxd7 7. 0-0 Bd6 8. Re1 Bxh2+ 9. Kxh2 Qh4+ 10. Kg1 Qxf2+ 11. Kh2 Qh4+ 12. Kg1 Qf2+ 13. Kh2 Qh4+ 14. Kg1 1/2-1/2

[Event "Olympiad Women-43"]
[Site "Batumi"]
[Date "2018.09.26"]
[Round "3.14"]
[White "Krivec, Jana"]
[Black "Paulet, Iozefina"]
[Result "1-0"]
[WhiteElo "2185"]
[BlackElo "2275"]
[PlyCount "103"]
[EventDate "2018.09.24"]
[EventType "team-swiss"]
[EventRounds "11"]
[EventCountry "GEO"]
[SourceTitle "EXT 2020"]
[Source "ChessBase"]
[SourceDate "2019.10.17"]
[SourceVersion "1"]
[SourceVersionDate "2019.10.17"]
[SourceQuality "1"]
[WhiteTeam "Slovenia (W)"]
[BlackTeam "Netherlands (W)"]
[WhiteTeamCountry "SLO"]
[BlackTeamCountry "NED"]

1. e4 e6 2. d4 d5 3. Nc3 Nf6 4. Bg5 Bb4 5. e5 h6 6. Bc1 Ne4 7. Qg4 g6 8. Nge2 c5 9. a3 Bxc3+ 10. Nxc3 Nxc3 11. bxc3 Qc7 12. Bd2 Bd7 13. Bd3 Ba4 14. Ra2 Nc6 15. 0-0 c4 16. Be2 0-0-0 17. f4 Ne7 18. Rb1 Nf5 19. Rb4 b5 20. g3 Qb6 21. Qf3 Bb3 22. cxb3 a5 23. g4 Ne7 24. bxc4 axb4 25. c5 Qb7 26. cxb4 Nc6 27. Bc3 Kc7 28. Qf1 Rb8 29. a4 Na7 30. axb5 Nxb5 31. Bb2 Kc8 32. Kg2 Nc7 33. Bc3 Ra8 34. Rxa8+ Qxa8 35. b5 Qa3 36. Be1 Qb2 37. Bf2 Kb7 38. b6 Ne8 39. Ba6+ Kc6 40. Qd1 Qa3 41. Be2 Nc7 42. bxc7 Kxc7 43. Qd3 Qxd3 44. Bxd3 h5 45. f5 gxf5 46. gxf5 Rg8+ 47. Kh3 Rg4 48. f6 Kc6 49. Be2 Rf4 50. Kg3 Rf5 51. Be3 Kc7 52. h4 1-0

[Event "CRO-chT (Women) 27th"]
[Site "Biograd"]
[Date "2018.09.14"]
[Round "8.31"]
[White "Kejzar, Petra"]
[Black "Krivec, Jana"]
[Result "1-0"]
[WhiteElo "2067"]
[BlackElo "2185"]
[PlyCount "99"]
[EventDate "2018.09.08"]
[EventType "team-tourn"]
[EventRounds "9"]
[EventCountry "CRO"]
[SourceTitle "CBM 186 Extra"]
[Source "ChessBase"]
[SourceDate "2018.08.24"]
[SourceVersion "1"]
[SourceVersionDate "2018.08.24"]
[SourceQuality "1"]
[WhiteTeam "Djakovo Limmont (W)"]
[BlackTeam "Ravna Gora Goranka (W)"]
[WhiteTeamCountry "CRO"]
[BlackTeamCountry "CRO"]

1. c4 e5 2. Nc3 d6 3. g3 g6 4. Bg2 Bg7 5. d3 f5 6. e4 Ne7 7. Nge2 0-0 8. Bg5 h6 9. Bd2 Nbc6 10. Qb3 fxe4 11. dxe4 Bg4 12. 0-0 Bf3 13. Bxf3 Rxf3 14. Kg2 Qf8 15. c5+ Kh7 16. cxd6 cxd6 17. Qe6 Rd8 18. Rad1 d5 19. exd5 Nd4 20. Nxd4 exd4 21. d6 Nc8 22. Ne4 Nxd6 23. Bb4 Rf6 24. Nxf6+ Qxf6 25. Qxf6 Bxf6 26. Bxd6 Rxd6 27. Rc1 Rd7 28. Rfd1 g5 29. g4 Be5 30. Rd3 Kg6 31. Rc5 Bf6 32. Kf3 Rf7 33. Rf5 h5 34. h3 h4 35. Ke4 Re7+ 36. Kd5 Re2 37. Rb3 b6 38. Kc4 Rc2+ 39. Kd3 Rc1 40. Kd2 Rc6 41. Rd5 Rc7 42. Rbb5 Rf7 43. Rd6 Kg7 44. Rf5 Kg6 45. Kd3 Kg7 46. Rdxf6 Rxf6 47. Rxf6 Kxf6 48. Kxd4 a5 49. Ke4 b5 50. f4 1-0

[Event "CRO-chT (Women) 27th"]
[Site "Biograd"]
[Date "2018.09.13"]
[Round "7.41"]
[White "Krivec, Jana"]
[Black "Videkovic, Marina"]
[Result "1/2-1/2"]
[WhiteElo "2185"]
[BlackElo "1833"]
[PlyCount "35"]
[EventDate "2018.09.08"]
[EventType "team-tourn"]
[EventRounds "9"]
[EventCountry "CRO"]
[SourceTitle "CBM 186 Extra"]
[Source "ChessBase"]
[SourceDate "2018.08.24"]
[SourceVersion "1"]
[SourceVersionDate "2018.08.24"]
[SourceQuality "1"]
[WhiteTeam "Ravna Gora Goranka (W)"]
[BlackTeam "Djakovo Dama (W)"]
[WhiteTeamCountry "CRO"]
[BlackTeamCountry "CRO"]

1. e4 c6 2. d3 d6 3. f4 g6 4. Nf3 Bg7 5. g3 Bg4 6. h3 Bxf3 7. Qxf3 e6 8. Bg2 Ne7 9. c3 f5 10. 0-0 Qb6+ 11. Kh2 Nd7 12. Re1 e5 13. exf5 Nxf5 14. a4 0-0 15. a5 Qc7 16. a6 d5 17. b4 b5 18. Ra2 1/2-1/2

[Event "CRO-chT (Women) 27th"]
[Site "Biograd"]
[Date "2018.09.09"]
[Round "2.21"]
[White "Krivec, Jana"]
[Black "Lakos, Nikoletta"]
[Result "1/2-1/2"]
[WhiteElo "2185"]
[BlackElo "2258"]
[PlyCount "39"]
[EventDate "2018.09.08"]
[EventType "team-tourn"]
[EventRounds "9"]
[EventCountry "CRO"]
[SourceTitle "CBM 186 Extra"]
[Source "ChessBase"]
[SourceDate "2018.08.24"]
[SourceVersion "1"]
[SourceVersionDate "2018.08.24"]
[SourceQuality "1"]
[WhiteTeam "Ravna Gora Goranka (W)"]
[BlackTeam "Cakovec (W)"]
[WhiteTeamCountry "CRO"]
[BlackTeamCountry "CRO"]

1. e4 d6 2. d4 Nf6 3. Nc3 Nbd7 4. Nge2 e5 5. g3 c6 6. Bg2 b5 7. 0-0 Be7 8. h3 0-0 9. g4 b4 10. Nb1 d5 11. exd5 Nxd5 12. c4 bxc3 13. Nbxc3 Nxc3 14. bxc3 Ba6 15. Bxc6 Rc8 16. Bg2 exd4 17. cxd4 Nb6 18. Re1 Bb4 19. Bd2 Bxe2 20. Rxe2 1/2-1/2

[Event "CRO-chT (Women) 27th"]
[Site "Biograd"]
[Date "2018.09.09"]
[Round "3.51"]
[White "Videnova, Iva"]
[Black "Krivec, Jana"]
[Result "1/2-1/2"]
[WhiteElo "2336"]
[BlackElo "2185"]
[PlyCount "52"]
[EventDate "2018.09.08"]
[EventType "team-tourn"]
[EventRounds "9"]
[EventCountry "CRO"]
[SourceTitle "CBM 186 Extra"]
[Source "ChessBase"]
[SourceDate "2018.08.24"]
[SourceVersion "1"]
[SourceVersionDate "2018.08.24"]
[SourceQuality "1"]
[WhiteTeam "Rijeka Liburnija (W)"]
[BlackTeam "Ravna Gora Goranka (W)"]
[WhiteTeamCountry "CRO"]
[BlackTeamCountry "CRO"]

1. e4 e5 2. Nf3 Nc6 3. d4 exd4 4. Nxd4 Nf6 5. Nxc6 bxc6 6. e5 Qe7 7. Qe2 Nd5 8. c4 Ba6 9. Nd2 g6 10. Nf3 Qb4+ 11. Kd1 Rb8 12. Qc2 Ne7 13. Qb3 c5 14. Bd2 Qb7 15. Bd3 Qa8 16. Qc3 Bg7 17. Bg5 Bb7 18. Be2 Nf5 19. Qa5 d6 20. Qxc7 Rc8 21. Qa5 dxe5 22. h4 h6 23. Be3 Nd4 24. Rh3 0-0 25. Bxd4 exd4 26. Bd3 Rfe8 1/2-1/2

[Event "Mitropa Cup (Women)"]
[Site "Le Castella"]
[Date "2018.06.05"]
[Round "4.1"]
[White "Krivec, Jana"]
[Black "Berke, Ana"]
[Result "1/2-1/2"]
[WhiteElo "2232"]
[BlackElo "2175"]
[PlyCount "53"]
[EventDate "2018.05.31"]
[EventType "team-tourn"]
[EventRounds "7"]
[EventCountry "ITA"]
[SourceTitle "CBM 184 Extra"]
[Source "ChessBase"]
[SourceDate "2018.06.28"]
[SourceVersion "1"]
[SourceVersionDate "2018.06.28"]
[SourceQuality "1"]
[WhiteTeam "Slovenia (W)"]
[BlackTeam "Croatia (W)"]
[WhiteTeamCountry "SLO"]
[BlackTeamCountry "CRO"]

1. e4 c5 2. d3 Nc6 3. g3 g6 4. Bg2 Bg7 5. f4 d6 6. Nf3 e6 7. 0-0 Nh6 8. c3 f5 9. Re1 0-0 10. Nbd2 Nf7 11. Nb3 Qc7 12. exf5 gxf5 13. Be3 Bd7 14. d4 c4 15. Nbd2 Ne7 16. Qe2 Rac8 17. Bf2 Rfe8 18. Bf1 b5 19. a4 a6 20. axb5 axb5 21. Ra3 Ra8 22. Rea1 Rxa3 23. Rxa3 Nd5 24. Bg2 Bc6 25. Qd1 Ra8 26. Rxa8+ Bxa8 27. Qe2 1/2-1/2

[Event "SLO-ch (Women) 28th"]
[Site "Ljubljana"]
[Date "2018.04.30"]
[Round "5"]
[White "Krivec, Jana"]
[Black "Skuhala, Barbara"]
[Result "1-0"]
[WhiteElo "2232"]
[BlackElo "2066"]
[PlyCount "57"]
[EventDate "2018.04.27"]
[EventType "tourn"]
[EventRounds "9"]
[EventCountry "SLO"]
[SourceTitle "CBM 184 Extra"]
[Source "ChessBase"]
[SourceDate "2018.06.28"]
[SourceVersion "1"]
[SourceVersionDate "2018.06.28"]
[SourceQuality "1"]

1. e4 c5 2. Nc3 a6 3. f4 b5 4. Nf3 Bb7 5. d3 e6 6. g3 g6 7. Bg2 Bg7 8. e5 d5 9. d4 cxd4 10. Nxd4 Ne7 11. 0-0 0-0 12. Be3 Nec6 13. Nce2 Nxd4 14. Nxd4 Nc6 15. c3 Nxd4 16. Bxd4 Qe7 17. b4 Rfc8 18. Qe2 Rc4 19. a3 f6 20. Bh3 fxe5 21. fxe5 Re8 22. Rf3 Qg5 23. Raf1 Qh5 24. Bg4 Qg5 25. Rf7 Bc6 26. Qf3 h5 27. Bxe6 Rxe6 28. Rxg7+ Kxg7 29. Qf8+ 1-0

[Event "SLO-ch (Women) 28th"]
[Site "Ljubljana"]
[Date "2018.04.29"]
[Round "4"]
[White "Vidic, Teja"]
[Black "Krivec, Jana"]
[Result "0-1"]
[WhiteElo "2176"]
[BlackElo "2232"]
[PlyCount "40"]
[EventDate "2018.04.27"]
[EventType "tourn"]
[EventRounds "9"]
[EventCountry "SLO"]
[SourceTitle "CBM 184 Extra"]
[Source "ChessBase"]
[SourceDate "2018.06.28"]
[SourceVersion "1"]
[SourceVersionDate "2018.06.28"]
[SourceQuality "1"]

1. e4 e5 2. Nf3 Nc6 3. Bb5 a6 4. Ba4 d6 5. c3 Bd7 6. d4 Nge7 7. 0-0 h6 8. Re1 g5 9. Bb3 Ng6 10. dxe5 dxe5 11. Be3 Qf6 12. c4 Bb4 13. Nfd2 Nf4 14. a3 Bxd2 15. Nxd2 0-0-0 16. c5 Be6 17. Bxe6+ Qxe6 18. Qf3 Rd3 19. g3 Nd4 20. Qd1 Qh3 0-1

[Event "EU-chT (Women) 21st"]
[Site "Heraklion"]
[Date "2017.11.05"]
[Round "8.2"]
[White "Badelka, Olga"]
[Black "Krivec, Jana"]
[Result "1/2-1/2"]
[WhiteElo "2353"]
[BlackElo "2270"]
[PlyCount "82"]
[EventDate "2017.10.28"]
[EventType "team-swiss"]
[EventRounds "9"]
[EventCountry "GRE"]
[SourceTitle "CBM 181 Extra"]
[Source "ChessBase"]
[SourceDate "2017.12.12"]
[SourceVersion "1"]
[SourceVersionDate "2017.12.12"]
[SourceQuality "1"]
[WhiteTeam "Belarus (W)"]
[BlackTeam "Slovenia (W)"]
[WhiteTeamCountry "BLR"]
[BlackTeamCountry "SLO"]

1. c4 e5 2. g3 c6 3. d4 e4 4. d5 Nf6 5. Nc3 Bb4 6. Bd2 0-0 7. Bg2 Re8 8. e3 Bxc3 9. Bxc3 cxd5 10. cxd5 d6 11. Ne2 Nbd7 12. 0-0 Ne5 13. h3 b6 14. Nf4 Ba6 15. Re1 Nd3 16. Nxd3 Bxd3 17. Rc1 Nxd5 18. Bd4 Nc7 19. b3 Ne6 20. Bb2 Rc8 21. h4 Rxc1 22. Qxc1 Qc8 23. Qa1 Qd7 24. Bh3 f6 25. a4 Kf7 26. h5 h6 27. Bf5 Rc8 28. f3 Qb7 29. Rc1 Rxc1+ 30. Qxc1 Ke7 31. Bg6 Nc5 32. Qc3 Qd5 33. b4 Qb3 34. Qxb3 Nxb3 35. f4 a5 36. bxa5 Nxa5 37. Bd4 Nc4 38. Bh7 Bc2 39. Bg8 Nd2 40. Bxb6 Bxa4 41. Kf2 Bc6 1/2-1/2

[Event "EU-chT (Women) 21st"]
[Site "Heraklion"]
[Date "2017.10.29"]
[Round "2.2"]
[White "Krivec, Jana"]
[Black "Vanhuyse, Nele"]
[Result "1-0"]
[WhiteElo "2270"]
[BlackElo "2061"]
[PlyCount "115"]
[EventDate "2017.10.28"]
[EventType "team-swiss"]
[EventRounds "9"]
[EventCountry "GRE"]
[SourceTitle "CBM 181 Extra"]
[Source "ChessBase"]
[SourceDate "2017.12.12"]
[SourceVersion "1"]
[SourceVersionDate "2017.12.12"]
[SourceQuality "1"]
[WhiteTeam "Slovenia (W)"]
[BlackTeam "Belgium (W)"]
[WhiteTeamCountry "SLO"]
[BlackTeamCountry "BEL"]

1. e4 c5 2. Nc3 a6 3. g3 b5 4. Bg2 Bb7 5. Nge2 e6 6. 0-0 Nf6 7. d3 d5 8. exd5 Nxd5 9. Nxd5 Bxd5 10. Bxd5 Qxd5 11. Nf4 Qd7 12. Nh5 Nc6 13. Be3 f6 14. Nf4 g6 15. c3 Kf7 16. d4 cxd4 17. cxd4 Rd8 18. Rc1 Ne7 19. Qb3 Nd5 20. Nxd5 Qxd5 21. Qxd5 Rxd5 22. Rc8 Rg8 23. Rfc1 Be7 24. Rxg8 Kxg8 25. Rc7 Kf8 26. Ra7 Rd6 27. b3 g5 28. Kg2 h6 29. h4 Ke8 30. h5 f5 31. Ra8+ Kf7 32. Ra7 Ke8 33. Bc1 Rc6 34. Be3 Rd6 35. Kf1 Kf8 36. Ke2 Bf6 37. Bc1 b4 38. Be3 Be7 39. f4 g4 40. Kd3 Rc6 41. Bd2 Rb6 42. Rc7 Ke8 43. Rc8+ Bd8 44. Ra8 Kd7 45. Be1 Bf6 46. Ra7+ Kd6 47. Rh7 Kd5 48. Rf7 Bh8 49. Rd7+ Kc6 50. Rh7 Rb8 51. Rxh6 Kd5 52. Rh7 Rd8 53. Bxb4 Bxd4 54. Ba5 Rd6 55. Bc7 Rc6 56. Rd7+ Kc5 57. Rxd4 Rxc7 58. Rc4+ 1-0

[Event "EU-chT (Women) 21st"]
[Site "Heraklion"]
[Date "2017.10.28"]
[Round "1.2"]
[White "Cyfka, Karina"]
[Black "Krivec, Jana"]
[Result "1/2-1/2"]
[WhiteElo "2406"]
[BlackElo "2270"]
[PlyCount "78"]
[EventDate "2017.10.28"]
[EventType "team-swiss"]
[EventRounds "9"]
[EventCountry "GRE"]
[SourceTitle "CBM 181 Extra"]
[Source "ChessBase"]
[SourceDate "2017.12.12"]
[SourceVersion "1"]
[SourceVersionDate "2017.12.12"]
[SourceQuality "1"]
[WhiteTeam "Poland (W)"]
[BlackTeam "Slovenia (W)"]
[WhiteTeamCountry "POL"]
[BlackTeamCountry "SLO"]

1. d4 d6 2. e4 e5 3. Nf3 Nd7 4. Bc4 c6 5. a4 Be7 6. 0-0 Ngf6 7. Nc3 0-0 8. Re1 b6 9. Ba2 Bb7 10. Nh4 Nxe4 11. Nxe4 Bxh4 12. dxe5 dxe5 13. Qh5 Qe7 14. Re3 c5 15. Ng3 g6 16. Qg4 Kh8 17. Rd3 f5 18. Qh3 Rfd8 19. Bd2 f4 20. Ne2 Be4 21. Ra3 Bf5 22. Qc3 Bf6 23. Qc4 Nb8 24. Nc3 Nc6 25. Nd5 Qg7 26. c3 Rd6 27. Qf1 Rad8 28. c4 Nd4 29. Bb1 Be6 30. Be4 a5 31. Bc3 Bg4 32. Bxd4 cxd4 33. Rb3 Qa7 34. Qd3 Bg7 35. h3 Be6 36. Re1 Bd7 37. Ra1 Be6 38. Re1 Bd7 39. Ra1 Be6 1/2-1/2

[Event "Wch Blitz (Women)"]
[Site "Doha"]
[Date "2016.12.30"]
[Round "14"]
[White "Gvetadze, Sofio"]
[Black "Krivec, Jana"]
[Result "1-0"]
[WhiteElo "2283"]
[BlackElo "2264"]
[PlyCount "35"]
[EventDate "2016.12.29"]
[EventType "swiss (blitz)"]
[EventRounds "17"]
[EventCountry "QAT"]
[SourceTitle "CBM 176 Extra"]
[Source "ChessBase"]
[SourceDate "2017.03.02"]
[SourceVersion "1"]
[SourceVersionDate "2017.03.02"]
[SourceQuality "1"]

1. Nf3 d5 2. c4 dxc4 3. Qa4+ Nd7 4. Qxc4 e6 5. g3 Ngf6 6. Bg2 Be7 7. 0-0 0-0 8. d4 a6 9. Qc2 c5 10. Rd1 Qa5 11. Nc3 cxd4 12. Nxd4 Nc5 13. Bd2 Qc7 14. b4 Ncd7 15. a3 Rb8 16. Rac1 b5 17. Nc6 Nb6 18. Bf4 1-0

[Event "Wch Blitz (Women)"]
[Site "Doha"]
[Date "2016.12.30"]
[Round "16"]
[White "Khademalsharieh, Sarasadat"]
[Black "Krivec, Jana"]
[Result "1-0"]
[WhiteElo "2438"]
[BlackElo "2264"]
[PlyCount "63"]
[EventDate "2016.12.29"]
[EventType "swiss (blitz)"]
[EventRounds "17"]
[EventCountry "QAT"]
[SourceTitle "CBM 176 Extra"]
[Source "ChessBase"]
[SourceDate "2017.03.02"]
[SourceVersion "1"]
[SourceVersionDate "2017.03.02"]
[SourceQuality "1"]

1. d4 f5 2. c4 Nf6 3. Nc3 d6 4. Bg5 e6 5. Qc2 Be7 6. 0-0-0 0-0 7. f3 a6 8. e4 fxe4 9. fxe4 Ng4 10. Bxe7 Qxe7 11. Nf3 Ne3 12. Qd2 Nxd1 13. Qxd1 Bd7 14. e5 b5 15. h4 c5 16. Bd3 cxd4 17. Ng5 g6 18. Nce4 dxe5 19. h5 bxc4 20. hxg6 cxd3 21. Rxh7 Qb4 22. Qh1 d2+ 23. Nxd2 Rc8+ 24. Kb1 Qxd2 25. Rh8+ Kg7 26. Qh6+ Kf6 27. Ne4+ Kf5 28. Nxd2 Rxh8 29. Qxh8 Kxg6 30. Nf3 Ra7 31. Qxb8 Kf5 32. Qxa7 1-0

[Event "Wch Blitz (Women)"]
[Site "Doha"]
[Date "2016.12.29"]
[Round "4"]
[White "Geldyeva, Mekhri"]
[Black "Krivec, Jana"]
[Result "1-0"]
[WhiteElo "2220"]
[BlackElo "2264"]
[PlyCount "74"]
[EventDate "2016.12.29"]
[EventType "swiss (blitz)"]
[EventRounds "17"]
[EventCountry "QAT"]
[SourceTitle "CBM 176 Extra"]
[Source "ChessBase"]
[SourceDate "2017.03.02"]
[SourceVersion "1"]
[SourceVersionDate "2017.03.02"]
[SourceQuality "1"]

1. d4 f5 2. Nf3 Nf6 3. g3 d6 4. Bg2 e6 5. c4 Be7 6. Nc3 0-0 7. 0-0 Ne4 8. Nd2 Nxc3 9. bxc3 e5 10. d5 Nd7 11. e4 f4 12. Nb3 b6 13. gxf4 exf4 14. Nd4 Ne5 15. f3 Qe8 16. a4 a5 17. Nb5 Qd7 18. Qe2 Ba6 19. Rb1 Rf6 20. Kh1 Raf8 21. Rg1 Rh6 22. Bf1 Bd8 23. Qg2 Rff6 24. Rb2 Rfg6 25. Qf2 Bh4 26. Qe2 Bg3 27. Rxg3 Rxg3 28. Bxf4 Rxf3 29. Bxe5 Rxf1+ 30. Qxf1 dxe5 31. Rf2 Rf6 32. Rxf6 gxf6 33. Qxf6 Bxb5 34. cxb5 Qg4 35. Qd8+ Kg7 36. Qxc7+ Kf6 37. Qxb6+ Kg5 1-0

[Event "Wch Blitz (Women)"]
[Site "Doha"]
[Date "2016.12.29"]
[Round "2"]
[White "Krivec, Jana"]
[Black "Abdumalik, Zhansaya"]
[Result "0-1"]
[WhiteElo "2264"]
[BlackElo "2405"]
[PlyCount "66"]
[EventDate "2016.12.29"]
[EventType "swiss (blitz)"]
[EventRounds "17"]
[EventCountry "QAT"]
[SourceTitle "CBM 176 Extra"]
[Source "ChessBase"]
[SourceDate "2017.03.02"]
[SourceVersion "1"]
[SourceVersionDate "2017.03.02"]
[SourceQuality "1"]

1. e4 e6 2. d3 c5 3. f4 Nc6 4. g3 d5 5. Nd2 g6 6. Bg2 Bg7 7. Ngf3 h5 8. 0-0 Nge7 9. Nh4 Rb8 10. c3 b5 11. Qe2 Kf8 12. Ndf3 b4 13. Bd2 bxc3 14. bxc3 Rb2 15. e5 Qb6 16. Qe1 Ba6 17. Qe3 Nf5 18. Nxf5 gxf5 19. h3 Ke7 20. Rfc1 Rc8 21. Bf1 Ke8 22. Qe1 Rb8 23. Qe3 Bf8 24. Ng5 Be7 25. Nh7 Kd7 26. h4 Qa5 27. Be2 Rxa2 28. Rxa2 Qxa2 29. Bxh5 Rb2 30. Rd1 d4 31. cxd4 cxd4 32. Qe2 Qb3 33. Kf1 Bxd3 0-1

[Event "Wch Blitz (Women)"]
[Site "Doha"]
[Date "2016.12.29"]
[Round "6"]
[White "Ovezdurdiyeva, Jemal"]
[Black "Krivec, Jana"]
[Result "1-0"]
[WhiteElo "2080"]
[BlackElo "2264"]
[PlyCount "75"]
[EventDate "2016.12.29"]
[EventType "swiss (blitz)"]
[EventRounds "17"]
[EventCountry "QAT"]
[SourceTitle "CBM 176 Extra"]
[Source "ChessBase"]
[SourceDate "2017.03.02"]
[SourceVersion "1"]
[SourceVersionDate "2017.03.02"]
[SourceQuality "1"]

1. d4 d5 2. c4 dxc4 3. e3 e5 4. Bxc4 exd4 5. exd4 Bb4+ 6. Nc3 Nc6 7. Nge2 Nge7 8. 0-0 0-0 9. Be3 Bd6 10. Ng3 Nf5 11. Nxf5 Bxf5 12. Bd3 Qh4 13. g3 Qh3 14. Ne4 h6 15. Nxd6 cxd6 16. Bxf5 Qxf5 17. Rc1 Qb5 18. Qd2 Rac8 19. Rc3 Na5 20. Rfc1 Rc6 21. d5 Rxc3 22. Rxc3 a6 23. b3 Re8 24. a4 Qb4 25. Qc2 b5 26. axb5 axb5 27. Bd2 Qa3 28. Rf3 Qa1+ 29. Kg2 Qa3 30. Qc7 Rf8 31. Qxa5 Qb2 32. Qc3 Qa2 33. Rf4 b4 34. Qe3 g5 35. Rf6 Qb2 36. Rxh6 Qg7 37. Rxd6 f5 38. Qxg5 1-0